'C' Game Quiz Stats

 Plays Quiz Updated Mar 8, 2017

Support Sporcle.
Go Orange.
Score 0/67 Timer 11:00
32 Plays Today
Thing % Correct
Central African Republic
92.6%
California
84%
Canada
82.7%
Color
80.8%
Colorado
80%
Cancer
77.5%
Connecticut
73.1%
Carbon
71.8%
China
71.6%
Capricorn
71.1%
Chile
63.4%
Colombia
61.9%
Carat Weight
61.1%
Jimmy Carter
61%
Columbia University
60.5%
Cut
58.7%
Cambodia
58.2%
Clarity
54.9%
Bill Clinton
54.9%
Czechia
54.8%
Cuba
52.4%
Cornell University
51%
Chad
50.7%
Cameroon
48.7%
Croatia
47.2%
Cleveland Cavaliers
46%
Calcium
45.3%
Boston Celtics
44.8%
Chelsea
44.3%
Calvin Coolidge
44.3%
Costa Rica
43.6%
Corinthians (1 & 2)
40.8%
Copper
38.8%
Grover Cleveland
38.5%
Thing % Correct
Cyprus
37.7%
Cairo, Egypt
36.4%
Chlorine
34.9%
Los Angeles Clippers
33.5%
Cadmium
32.9%
Casablanca (1943)
31.3%
Canberra, Australia
29.6%
Cobalt
29.3%
Cardiff City
28.7%
Comoros
28.5%
Cesium
28.2%
Côte d'Ivoire
26.3%
Chromium
26.2%
Chicago (2002)
26%
Caracas, Venezuela
25.9%
Copenhagen, Denmark
25.2%
Cabo Verde
24.8%
Crash (2005)
24.4%
Californium
23.3%
Colossians
20.8%
Chronicles (1 & 2)
18.6%
Charlton Athletic
18.3%
Crystal Palace
16.1%
Curium
15.9%
Coventry City
15.2%
Cerium
13.8%
Chariots of Fire (1981)
11.8%
Chisinau, Moldova
11.4%
Castries, St. Lucia
9.9%
Conakry, Guinea
9.8%
Copernicium
9.2%
Cimarron (1930)
8.6%
Cavalcade (1932)
7.5%

From the Vault

TV Characters by Other Roles

by ghcgh

We like to imagine there's some weird connected universe for them all.
Remove Ads.
Support Sporcle.
Get the best of Sporcle when you Go Orange. This ad-free experience offers more features, more stats, and more fun while also helping to support Sporcle. Thank you for becoming a member.

Show Comments

Extras

Top Quizzes Today


Score Distribution

Your Account Isn't Verified!

In order to create a playlist on Sporcle, you need to verify the email address you used during registration. Go to your Sporcle Settings to finish the process.

Report this User

Report this user for behavior that violates our Community Guidelines.

Details: